Construction (Record no. 113178)

MARC details
000 -LEADER
fixed length control field 01559cad a22002415a 4500
001 - CONTROL NUMBER
control field L154819
008 - FIXED-LENGTH DATA ELEMENTS--GENERAL INFORMATION
fixed length control field 120120s2007 xxk f 000 0 eng d
035 ## - SYSTEM CONTROL NUMBER
System control number (Sirsi) u154819
041 0# - LANGUAGE CODE
Language code of text/sound track or separate title eng
110 2# - MAIN ENTRY--CORPORATE NAME
Corporate name or jurisdiction name as entry element Olympic Delivery Authority
9 (RLIN) 5117
245 00 - TITLE STATEMENT
Title Construction
Remainder of title code of construction practice, December 2007
Medium [electronic resource]
260 ## - PUBLICATION, DISTRIBUTION, ETC.
Place of publication, distribution, etc. London
Name of publisher, distributor, etc. ODA
Date of publication, distribution, etc. 2007
505 2# - FORMATTED CONTENTS NOTE
Formatted contents note General principles -- General site operations -- public access and transport management -- noise and vibration -- air quality -- contaminated land -- waste management and recycling -- protection of surface and groundwater resources -- ecology -- archaeology and heritage -- pollution incident control
520 ## - SUMMARY, ETC.
Summary, etc. This Code of Construction Practice supports the planning applications for site preparation works, venue and infrastructure construction, and works for the reconfiguration of infrastructure for legacy use, as submitted in February 2007. It sets out the management measures which the Olympic Delivery Authority (ODA) will require its contractors to adopt and implement for any construction on the Olympic Park site and related off-site activities.
590 ## - LOCAL NOTE (RLIN)
Local note KA
650 24 - SUBJECT ADDED ENTRY--TOPICAL TERM
Topical term or geographic name entry element OLYMPIC GAMES 2012
651 #4 - SUBJECT ADDED ENTRY--GEOGRAPHIC NAME
Geographic name United Kingdom
Chronological subdivision
690 ## - LOCAL SUBJECT ADDED ENTRY--TOPICAL TERM (OCLC, RLIN)
Topical term or geographic name as entry element Planning and development
9 (RLIN) 6259
690 ## - LOCAL SUBJECT ADDED ENTRY--TOPICAL TERM (OCLC, RLIN)
Topical term or geographic name as entry element Project management
9 (RLIN) 6261
690 ## - LOCAL SUBJECT ADDED ENTRY--TOPICAL TERM (OCLC, RLIN)
Topical term or geographic name as entry element Health and safety
9 (RLIN) 6244
856 40 - ELECTRONIC LOCATION AND ACCESS
Uniform Resource Identifier <a href="https://www.london2012.com/documents/oda-health-and-safety/code-of-construction-practice-final-low-res.pdf">https://www.london2012.com/documents/oda-health-and-safety/code-of-construction-practice-final-low-res.pdf</a>
Public note View the annual report free of charge at www.london2012.com
942 ## - ADDED ENTRY ELEMENTS (KOHA)
Suppress in OPAC 0
Holdings
Withdrawn status Lost status Source of classification or shelving scheme Damaged status Not for loan Home library Current library Shelving location Date acquired Total Checkouts Full call number Barcode Date last seen Copy number Price effective from Koha item type
    Dewey Decimal Classification     Virtual Virtual Online 20/01/2012   ONLINE PUBLICATION 154819-2001 06/08/2019 1 06/08/2019 Book